000
00322nam a22001457a 4500
003
SGT
082
_a
001.4071
_b
C09H
100
_a
HOUSER, RICH
245
_a
COUNSELING AND EDUCATIONAL RESEARCH
250
_a
2ND
260
_a
LONDON
_b
SAGE
_c
2009
300
_a
277
650
_a
EDUCATIONAL RESEARCH
942
_2
ddc
_c
BK
999
_c
10465
_d
10465